000 02379cam a22004337i 4500
999 _c7557
_d7557
003 OSt
005 20200313054409.0
008 190128s2010 cauae b 000 0 eng d
020 _a9780979539558
_q(hbk.)
082 0 4 _a720.9
_bSHU
110 2 _aShubin + Donaldson Architects.
245 1 0 _aLive + work :
_bmodern homes and offices : the southern California architecture of Shubin + Donaldson /
_cessays by Thom Mayne and Joseph Giovannini.
246 3 _aLive plus work
246 3 _aLive and work
300 _a252 pages :
_bchiefly color illustrations, plans (some color) ;
_c28 cm
504 _aIncludes bibliographical references (pages 249-251).
505 0 _aGround zero -- Mindfield -- Montecito residence -- Glass pavilion -- Urban spa -- Brand new school -- Wong Doody -- Riviera residence -- Greentree residence -- Dubai villas -- East Channel residence -- Santa Barbara estate -- Bentley residence -- Davidandgoliath -- Ogilvy & Mather -- Hydraulx -- Fuel Design & Production -- Artist studio -- Saatchi & Saatchi -- Biscuit Filmworks -- Toro Canyon residence -- The Firm -- Painter residence -- A choreography of collision / Thom Mayne -- Sense and sensibility / Joseph Giovannini -- Form follows intention : interviews with Shubin + Donaldson.
610 2 0 _aShubin + Donaldson Architects.
610 2 7 _aShubin + Donaldson Architects.
_2cct
610 2 7 _aShubin + Donaldson Architects.
_2fast
648 7 _a2000-2099
_2fast
650 0 _aArchitecture
_zCalifornia, Southern
_xHistory.
650 0 _aArchitecture, Domestic
_zCalifornia, Southern
_xHistory
_y21st century.
650 0 _aOffice buildings
_zCalifornia, Southern
_xDesign and construction.
650 0 _aArchitecture, Modern
_y21st century.
650 7 _aArchitecture
_xHistory
_yCalifornia, Southern
_y21st century.
_2cct
650 7 _aArchitecture, Domestic
_xHistory
_yCalifornia, Southern
_y21st century.
_2cct
650 7 _aArchitecture, Modern
_y21st century.
_2cct
650 7 _aOffice buildings
_xDesign and construction.
_yCalifornia, Southern.
_2cct
650 7 _aArchitecture.
_2fast
650 7 _aArchitecture, Domestic.
_2fast
650 7 _aArchitecture, Modern.
_2fast
650 7 _aOffice buildings
_xDesign and construction.
_2fast
651 7 _aCalifornia, Southern.
_2fast
655 7 _aHistory.
_2fast
700 1 _aMayne, Thom.
700 1 _aGiovannini, Joseph.
942 _2ddc